| 000 | 00887nam a2200253Ia 4500 | ||
|---|---|---|---|
| 003 | GCL | ||
| 008 | 140319s9999 xx 000 0 ara d | ||
| 040 |
_aGCL / _cGCL |
||
| 082 | 0 | 4 |
_a923.1 _bع س |
| 100 | 1 | _aعبدالقادر ده ده اغلو | |
| 245 | 1 | 0 |
_aالسلاطين العثمانيون / _cعبدالقادر ده ده اغلو |
| 260 |
_aالبحرين : _bمعهد البحوث والدراسات العربية ، _c0 |
||
| 260 |
_aتركيا : _bالدار العثمانى للنشر ، _c0 |
||
| 300 |
_a120 ص ؛ _c32 سم |
||
| 490 | _a | ||
| 650 | 0 | 4 | _aالادب العربى |
| 650 | 0 | 4 | _aالعصر الحديث |
| 650 | 0 | 4 | _aتاريخ ونقد |
| 650 | 0 | 4 | _aالمجموعات |
| 650 | 0 | 4 | _aالملوك والحكام - تراجم |
| 650 | 0 | 4 | _aالبحرين - ادب |
| 650 | 0 | 4 | _aالسلاطين - العثمانيون |
| 942 |
_2ddc _cBK |
||
| 999 |
_c28198 _d28198 |
||